<?xml version="1.0" encoding="UTF-8"?>
<marc:record xmlns:marc="http://www.loc.gov/MARC21/slim">
   <marc:leader>00000nam a2200000 a 4500</marc:leader>
   <marc:datafield ind1="1" ind2=" " tag="100">
      <marc:subfield code="a">Disney, Walt</marc:subfield>
      <marc:subfield code="4">aut</marc:subfield>
      <marc:subfield code="e">Verfasser/-in</marc:subfield>
   </marc:datafield>
   <marc:datafield ind1="1" ind2=" " tag="100">
      <marc:subfield code="a">Shaiman, Marc</marc:subfield>
   </marc:datafield>
   <marc:datafield ind1="1" ind2=" " tag="100">
      <marc:subfield code="a">Mortimer, Emily</marc:subfield>
   </marc:datafield>
   <marc:datafield ind1="1" ind2=" " tag="100">
      <marc:subfield code="a">Whishaw, Ben</marc:subfield>
   </marc:datafield>
   <marc:datafield ind1="1" ind2=" " tag="100">
      <marc:subfield code="a">Miranda, Lin-Manuel</marc:subfield>
   </marc:datafield>
   <marc:datafield ind1="1" ind2=" " tag="100">
      <marc:subfield code="a">Blunt, Emily</marc:subfield>
   </marc:datafield>
   <marc:datafield ind1=" " ind2=" " tag="653">
      <marc:subfield code="a">Kindermädchen</marc:subfield>
   </marc:datafield>
   <marc:datafield ind1=" " ind2=" " tag="653">
      <marc:subfield code="a">Familie</marc:subfield>
   </marc:datafield>
   <marc:datafield ind1=" " ind2=" " tag="653">
      <marc:subfield code="a">DVD</marc:subfield>
   </marc:datafield>
   <marc:datafield ind1="0" ind2="0" tag="245">
      <marc:subfield code="a">Mary Poppins´Rückkehr</marc:subfield>
   </marc:datafield>
   <marc:datafield ind1="0" ind2="0" tag="245">
      <marc:subfield code="c">Walt Disney. Darsteller: Emily Blunt ; Lin-Manuel Miranda ; Ben Whishaw ; Emily Mortimer. Komponist: Marc Shaiman</marc:subfield>
   </marc:datafield>
   <marc:datafield ind1=" " ind2="1" tag="264">
      <marc:subfield code="a">Wien</marc:subfield>
      <marc:subfield code="b">Walt Disney Home Entertainment</marc:subfield>
      <marc:subfield code="c">2019</marc:subfield>
   </marc:datafield>
   <marc:datafield ind1="1" ind2=" " tag="520">
      <marc:subfield code="a">London in den 1930er Jahren, mitten in der Wirtschaftskrise: Michael Banks (Ben Whishaw) ist inzwischen erwachsen geworden und arbeitet für die Bank, bei der auch schon sein Vater angestellt war. Er lebt noch immer in der Cherry Tree Lane 17 mit seinen mittlerweile drei Kindern &#x96; Annabel (Pixie Davies), Georgie (Joel Dawson) und John (Nathanael Saleh) und der Haushälterin Ellen (Julie Walters). Seine Schwester Jane Banks (Emily Mortimer) tritt in die Fußstapfen ihrer Mutter und setzt sich für die Rechte der Arbeiter ein. Zusätzlich hilft sie Michaels Familie wo sie kann. Als sie einen persönlichen Verlust erleiden, tritt Mary Poppins (Emily Blunt) auf magische Weise wieder in das Leben der Familie Banks und mit Hilfe ihres Freundes Jack (Lin-Manuel Miranda) kann sie die Freude und das Staunen zurück in ihr Zuhause bringen.</marc:subfield>
   </marc:datafield>
   <marc:datafield ind1=" " ind2=" " tag="500">
      <marc:subfield code="a">K5/Platz 126</marc:subfield>
   </marc:datafield>
   <marc:datafield ind1="0" ind2=" " tag="490">
      <marc:subfield code="v">0</marc:subfield>
   </marc:datafield>
   <marc:datafield ind1=" " ind2=" " tag="300">
      <marc:subfield code="a">ca.  126 min.</marc:subfield>
   </marc:datafield>
</marc:record>
